Paroles - Elle est partie - Partenaire Particulier - Statistiques

Statistiques générales
  • Ce quiz a été pris 11 fois
  • Le résultat moyen est 202 sur 336
Statistiques - réponses
Paroles % Correct
pas
100%
a
88%
de
88%
la
88%
ma
88%
qui
88%
si
88%
trop
88%
une
88%
autre
75%
belle
75%
bien
75%
Dans
75%
dans
75%
Elle
75%
elle
75%
est
75%
Et
75%
je
75%
les
75%
Mon
75%
mon
75%
nuit,
75%
nuit
75%
partie
75%
partie,
75%
plus
75%
pour
75%
que
75%
se
75%
s'en
75%
ses
75%
son
75%
vie
75%
vie,
75%
était
63%
s'est
63%
tous
63%
toutes
63%
vivre,
63%
vivre
63%
alla
50%
beau
50%
C'était
50%
corps
50%
d'ici
50%
enfuie
50%
envie,
50%
envie
50%
fille
50%
folie
50%
jolie
50%
loin
50%
loin,
50%
n'avait
50%
nuits
50%
Quand
50%
seul
50%
seule
50%
sort
50%
Allait,
38%
amants
38%
bras
38%
Car
38%
d'un
38%
encore
38%
mort
38%
n'avais
38%
Décidé
25%
depuis
25%
désirs
25%
ho
25%
retrouver
25%
triste
25%
cacher
13%
coup,
13%
crois
13%
Décidée
13%
décidée
13%
disparu
13%
d'ivresse,
13%
J'était
13%
longtemps
13%
m'échapper
13%
pendant
13%
prisonnier
13%
recherchée
13%
savait
13%
s'effaça
13%
sourire
13%
tendresse
13%
Yeah,
0%
Yeah
0%
Yeho,
0%
Aucun quiz correspondant
Distribution des résultats
% des personnes avec chaque résultat
Percentile par nombre de réponses
Votre historique - résultats
Vous n’avez pas pris ce quiz